00441nam a2200121Ia 4500008004100000100002900041245005000070245007300120260004800193260001700241650002700258856003400285160809s9999 xx 000 0 und d aZubair, Muhammed Fuzail. aM-Health An Emerging Trend An Empirical Study cMuhammed Fuzail Zubair, Hajrah Jahan, Sophia Rahaman and Roma Raina. bComputer Science and Information Technology cJanuary 2016 xINFORMATION TECHNOLOGY uhttp://airccse.org/V6N49.html